| 000 | 00880cam a2200253 4500 | ||
|---|---|---|---|
| 001 | sa 63000854 | ||
| 003 | DLC | ||
| 005 | 20260227111923.0 | ||
| 008 | 910830m19609999ii a 000 0 hinr | ||
| 010 | _asa 63000854 | ||
| 040 |
_aDLC _cDLC |
||
| 043 | _aa-ii--- | ||
| 050 | 0 | 0 |
_aS471.I3 _bS9 |
| 100 | 0 |
_aAmbāprasāda Sumana, _d1916-1997. |
|
| 245 | 1 | 0 |
_aKr̥shaka-jīvana-sambandhī Brajabhāshā-śabdāvalī; _bAlīgaṛha-kshetra kī bolī ke ādhāra para. _clekhaka Ambāprasāda "Sumana." Nirdeśaka evaṃ bhūmikā-lekhaka Vāsudevaśraṇa Agravāla. |
| 250 | _a1. saṃskaraṇa. | ||
| 260 |
_aIlāhābāda, _bHindustānī Ekeḍemī, _c[1960]-1961. |
||
| 300 |
_a2 v. : _bill. ; _c26 cm. |
||
| 500 | _aIn Hindi. | ||
| 500 | _aIncludes indexes. | ||
| 650 | 0 |
_aAgriculture _zIndia. |
|
| 651 | 0 |
_aIndia _xSocial life and customs. |
|
| 650 | 0 | _aDo-it-yourself work. | |
| 999 |
_c53665 _d53665 |
||